000 00677nam1a22002171i 4500
001 rc\60531
005 20260406081204.0
035 _a(NLR Aleph) 005399879
090 _a7264450
_c7264450
100 _a20021216g19929999u |0rusy50 ca
101 0 _arus
102 _aRU
105 _ay |||||||||
200 1 _aПроклятые короли
_e[Романы
_eВ 7 кн.]
_fМорис Дрюон
_g[Пер. с фр. Н. Жарковой]
210 _aМ.
_cМысль
_d1992-
215 _d20
700 1 _8rus
_7ca
_aДрюон
_bМ.
_gМорис
_f1918-2009
_3RU\NLR\auth\7745460
_928398
801 0 _aRU
_bNLR
_gpsbo
801 1 _aRU
_bELAR
_2rusmarc
852 _aNLR
_j92-3/285
942 _cBOOK